header

Building blocks for tobacco control (Record no. 53529)

MARC details
000 -LEADER
fixed length control field 01358nam a2200325Ia 4500
245 00 - TITLE STATEMENT
Title Building blocks for tobacco control
260 ## - PUBLICATION, DISTRIBUTION, ETC. (IMPRINT)
Place of publication Geneva, Switzerland :
Name of publisher World Health Organization,
Year of publication c2004.
300 ## - PHYSICAL DESCRIPTION
Number of Pages xxviii, 289 p. :
Other physical details ill.
490 1# - SERIES STATEMENT
Series statement Tools for advancing tobacco control in the 21st century
500 ## - GENERAL NOTE
General note Editors and primary contributors: Vera Luiza daCosta e Silva, Annette David--P. ix.
650 #0 - SUBJECT ADDED ENTRY--TOPICAL TERM
Topical Term Smoking
Topical Term Tobacco use
700 1# - ADDED ENTRY--PERSONAL NAME
Personal name David, Annette.
Personal name Silva, Vera da Costa e.
856 40 - ELECTRONIC LOCATION AND ACCESS
Uniform Resource Identifier http://site.ebrary.com/lib/rucke/Doc?id=10076782

No items available.

© 2026 Rongo University
Contact us: librarian | system librarian | Rongo university